Find the Upside-Down Countries of Africa Quiz Stats

 Plays Quiz Updated Jul 2, 2018

Challenge
Share
Tweet
Score 0/54 Timer 10:00
11 Plays Today
% Correct
South Africa
90.8%
Madagascar
90.3%
Egypt
89.6%
Sudan
87.4%
Algeria
86.6%
South Sudan
86.5%
Morocco
86.2%
Libya
85.9%
Democratic Republic of the Congo
85.8%
Somalia
85.7%
Ethiopia
84.3%
Tunisia
84%
Mozambique
81.7%
Chad
81.5%
Central African Republic
81.2%
Niger
80.3%
Nigeria
80.3%
Lesotho
80.1%
Kenya
80%
Namibia
79.8%
Djibouti
79.3%
Angola
79.3%
Eritrea
79.2%
Mali
78.3%
Tanzania
78.1%
Botswana
76.4%
eSwatini
76.3%
% Correct
Mauritania
75.5%
Cabo Verde
75.4%
Uganda
74.7%
Zimbabwe
74.6%
Togo
74.5%
Seychelles
74.3%
Equatorial Guinea
74.1%
Malawi
73.8%
Rep. Congo
73.6%
Rwanda
73.3%
Burkina Faso
73.1%
Zambia
73%
Senegal
72.8%
Comoros
72.4%
Cameroon
72.4%
Benin
72.3%
Ghana
72%
Côte d'Ivoire
72%
Burundi
71.9%
São Tomé and Príncipe
71.1%
Gabon
69.8%
Guinea
68.8%
Liberia
68.1%
Mauritius
66.2%
Sierra Leone
66.2%
The Gambia
65.5%
Guinea-Bissau
59.7%

You're not logged in!

Compare scores with friends on all Sporcle quizzes.
OR
Log In

You Might Also Like...

Show Comments

Extras

Top Quizzes Today


Score Distribution

Your Account Isn't Verified!

In order to create a playlist on Sporcle, you need to verify the email address you used during registration. Go to your Sporcle Settings to finish the process.

Report this User

Report this user for behavior that violates our Community Guidelines.

Details: